00661nam a2200193Ia 4500008004100000082001700041100001700058245004900075250000800124260002500132300001200157500002400169650001500193700002100208942000700229952010700236952010700343999001700450230524s9999 xx 000 0 und d a6210382bPIT aDonald Pitts 0aSchaum's Heat Transfer (Theory and Problems) a2ND aNEW DELHIbTMHc2004 aVII;361 aQuantity Number: 2 aElectrical a Leighton Sissom cBK 00104070aTATCLbTATCLcGENd2023-05-24l0o6210382 PITp16822r2023-05-24w2023-05-24yBKzCPEC5203 00104070aTATCLbTATCLcGENd2023-05-24l0o6210382 PITp19491r2023-05-24w2023-05-24yBKzCPEC5203 c37221d37221